Gendered fields : women, men and ethnography
Αποθηκεύτηκε σε:
| Άλλοι συγγραφείς: | , , |
|---|---|
| Μορφή: | Βιβλίο |
| Γλώσσα: | English |
| Δημοσίευση: |
London; New York :
Routledge,
1993
|
| Θέματα: | |
| Ετικέτες: |
Προσθήκη ετικέτας
Δεν υπάρχουν, Καταχωρήστε ετικέτα πρώτοι!
|
MARC
| LEADER | 00000nam a2200000 i 4500 | ||
|---|---|---|---|
| 001 | 1/95679 | ||
| 008 | 941219s1993 eng d | ||
| 020 | |a 0-415-06252-7 | ||
| 035 | |l 10009832 | ||
| 040 | |a GR-MY-UA |b gre |e aacr | ||
| 041 | 0 | |a eng | |
| 082 | 0 | |a 305.3 | |
| 245 | 1 | 0 | |a Gendered fields : |b women, men and ethnography / |c Edited by Diane Bell, Pat Caplan and Wazir Jahan Karim |
| 260 | |a London; New York : |b Routledge, |c 1993 | ||
| 300 | |a 260 p. |b ill. | ||
| 504 | |a Includes bibliographical references and index | ||
| 650 | 0 | 0 | |a Ethnology |x Fieldwork. |
| 650 | 0 | 0 | |a Sex role. |
| 650 | 0 | 0 | |a Feminist criticism. |
| 700 | 1 | |a Bell, Diane. |4 edt | |
| 700 | 1 | |a Caplan, Patricia. |4 edt | |
| 700 | 1 | |a Wazir-Jahan, Begum Karim. |4 edt | |
| 852 | |a INST |b LESVOS |e 19941219 |h 305.3 GEN |p 005100003166 |q 005100003166 |t BK |y 0 | ||
| 852 | |a INST |b LESVOS |e 19960313 |h 305.3 GEN |p 005100006887 |q 005100006887 |t BK |y 0 | ||
| 909 | |a Λ |b 038380 | ||
| 950 | |a 045-1994-09-01 | ||